000
00250nam a2200121Ia 4500
100
_a
Kellaway/F/w
942
_c
BK
654
_a
Plastics
245
_a
Introducing Plastics
260
_b
John Crowther
_c
2001
082
_a
668.4
546
_a
ENGLISH
999
_c
22441
_d
22441